01011nam a22002177a 4500999001700000003000900017008004100026040007100067082001700138100002700155245013100182260003000313300002800343440003700371505018700408650002400595700004100619942001600660945002000676952009700696 c17292d17292AR-CdUCM190508b ||||| |||| 00| 0 spa d aMUNICIPALIDAD PROVINCIAL DEL CUSCOcBIBLIOTECA MUNICIPAL DEL CUSCO a651.3 /bV28 aVan Dersal, William R. aSupervisión del personal de oficinas publicas y empresas :bManual de los problemas entre la organización y el individuo / aMéxico :bUteha,c1963. a226 páginas ;c18 cm. aCiencias comerciales.n15.99996 aContenido :Algunas ideas preliminares -- Principios fundamentales de supervision -- Algunas técnicas de supervision -- Participación -- Algunas palabras sobre la motivación ... aMotivación.95066 aPalacios A. Taide (traductor)937210 2ddccLIBROS arumd2019-05-08 002ddc4070aSCbSCcCARTd2019-05-08g15.00o651.3 / V28pSC0000002128r2019-05-08yLIBROS